| 000 | 00805cam a22002773a 4500 | ||
|---|---|---|---|
| 001 | 31257 | ||
| 003 | PGUSA | ||
| 005 | 20140828083657.0 | ||
| 008 | 100212s2010||||xxu|||||s|||||000 1 eng d | ||
| 040 |
_aPGUSA _beng |
||
| 042 | _adc | ||
| 050 | 4 | _aPS | |
| 100 | 1 |
_aMiller, Alex. McVeigh, _cMrs, _d1850-1937 |
|
| 245 | 1 | 0 |
_aDainty's Cruel Rivals; Or, The Fatal Birthday _h[electronic resource] / _cAlex. McVeigh, Miller |
| 260 |
_bProject Gutenberg, _c2010 |
||
| 506 | _aPublic domain in the USA. | ||
| 516 | _aElectronic text | ||
| 653 | _aLove stories | ||
| 653 | _aAdventure stories | ||
| 653 | _aYoung women -- Fiction | ||
| 653 | _aCousins -- Fiction | ||
| 653 | _aAunts -- Fiction | ||
| 830 | 0 |
_aProject Gutenberg _v31257 |
|
| 856 | 4 | 0 | _uhttp://www.gutenberg.org/ebooks/31257 |
| 942 | _cEB | ||
| 999 |
_c260512 _d260512 |
||